| 000 | 00000nam 2200000zi 4500 |
| 001 | 9.892069 |
| 003 | CaOODSP |
| 005 | 20221107173049 |
| 006 | m o d f |
| 007 | cr cn||||||||| |
| 008 | 201002s2019 quc o f000 0 eng d |
| 040 | |aCaOODSP|beng|erda|cCaOODSP |
| 043 | |an-cn--- |
| 045 | |ay0y1 |
| 086 | 1 |aSC3-188/2019-1E-PDF |
| 245 | 00|aSummary of the Recruitment of Policy Leaders program evaluation report. |
| 264 | 1|a[Gatineau, Québec] : |bPublic Service Commission of Canada = Commission de la fonction publique du Canada, |c[2019] |
| 300 | |a1 online resource (1 page) |
| 336 | |atext|btxt|2rdacontent |
| 337 | |acomputer|bc|2rdamedia |
| 338 | |aonline resource|bcr|2rdacarrier |
| 500 | |aIssued also in French under title: Sommaire du rapport d'évaluation du programme de Recrutement de leaders en politiques. |
| 610 | 20|aPublic Service Commission of Canada|xEvaluation. |
| 650 | 0|aPolicy analysts|xRecruiting|zCanada|xEvaluation. |
| 651 | 0|aCanada|xOfficials and employees|xRecruiting|xEvaluation. |
| 710 | 2 |aPublic Service Commission of Canada, |eissuing body. |
| 775 | 08|tSommaire du rapport d'évaluation du programme de Recrutement de leaders en politiques.|w(CaOODSP)9.892070 |
| 856 | 40|qPDF|s302 KB|uhttps://publications.gc.ca/collections/collection_2020/cfp-psc/SC3-188-2019-1-eng.pdf |